000 00653nam a2200205Ia 4500
005 20260121110141.0
008 008 260114s9999 xx 000 0 hin d
020 _a9788132356127
037 _aEBOOK
040 _aCRL
_bhin
_cCRL
041 _ahin
_2hin
084 _qCRL
100 _aजागृति सिंह / Jagruti Singh
_9942668
245 0 _aआधुनिक हिन्दी काव्य / Aadhunik Hindi Kavya
260 _bभाषा प्रकाशन / Bhasha Prakashan
_c2021
856 _uhttps://bhashaprakashan.com/product-details/378749
942 _cEBOOK
999 _c1534333
_d1534333